| 000 -LEADER |
| fixed length control field |
00544nam a2200217Ia 4500 |
| 001 - CONTROL NUMBER |
| control field |
12435 |
| 003 - CONTROL NUMBER IDENTIFIER |
| control field |
GE_BSU |
| 008 - FIXED-LENGTH DATA ELEMENTS--GENERAL INFORMATION |
| fixed length control field |
181216s||||||||xx |||||||||||||| ||und|| |
| 040 ## - CATALOGING SOURCE |
| Transcribing agency |
GE_BSU |
| 080 ## - UNIVERSAL DECIMAL CLASSIFICATION NUMBER |
| Universal Decimal Classification number |
633.11 |
| 100 ## - MAIN ENTRY--PERSONAL NAME |
| Personal name |
Иванов,П.К. |
| 245 ## - TITLE STATEMENT |
| Title |
Яровая пшеница |
| 245 ## - TITLE STATEMENT |
| Statement of responsibility, etc. |
Ред.П.К.Енин |
| 260 ## - PUBLICATION, DISTRIBUTION, ETC. |
| Place of publication, distribution, etc. |
Москва |
| 260 ## - PUBLICATION, DISTRIBUTION, ETC. |
| Name of publisher, distributor, etc. |
Огиз сельхозгиз |
| 260 ## - PUBLICATION, DISTRIBUTION, ETC. |
| Date of publication, distribution, etc. |
1948 |
| 300 ## - PHYSICAL DESCRIPTION |
| Extent |
550стр.илл.20см. |
| 300 ## - PHYSICAL DESCRIPTION |
| Accompanying material |
Таблицы-248 |
| 653 ## - INDEX TERM--UNCONTROLLED |
| Uncontrolled term |
Яровая пшеница |
| 942 ## - ADDED ENTRY ELEMENTS (KOHA) |
| Koha item type |
წიგნი |